Záväzky z nájmu
Ekonomické vymedzenie pojmu záväzky z nájmu. Účtovné vymedzenie. Účtovanie finančného nájmu. Predčasné ukončenie finančného prenájmu. Oceňovanie. Ilustračné príklady a prípadové štúdie.
Saved in:
| Main Author: | |
|---|---|
| Format: | Book Chapter |
| Language: | Slovak |
| Subjects: | |
| Tags: |
No Tags, Be the first to tag this record!
|
MARC
| LEADER | 00000naa$a2200000$$$4500 | ||
|---|---|---|---|
| 001 | 0051298 | ||
| 005 | 20240502071610.3 | ||
| 041 | 0 | |a slo | |
| 044 | |a SK | ||
| 245 | 1 | 0 | |a Záväzky z nájmu |c Mária Vépyová |
| 520 | |a Ekonomické vymedzenie pojmu záväzky z nájmu. Účtovné vymedzenie. Účtovanie finančného nájmu. Predčasné ukončenie finančného prenájmu. Oceňovanie. Ilustračné príklady a prípadové štúdie. | ||
| 610 | 2 | 0 | |a oceňovanie |
| 610 | 2 | 0 | |a účtovanie |
| 610 | 2 | 0 | |a záväzky |
| 610 | 2 | 0 | |a prenájom |
| 610 | 2 | 0 | |a nájomné |
| 610 | 2 | 0 | |a prenájom zmluvný |
| 100 | 1 | |a Vépyová, Mária | |